000 03195cam a22004934i 4500
003 PE-LiUPU
005 20250731173053.0
008 180308s2013 ne a r0 001 0 eng d
020 _a9789004236349
035 _a(Sirsi) a241467
040 _aPE-LiUPU
_bspa
_cPE-LiUPU
_erda
049 _aPRUA
082 0 4 _a274.06
_bR3
_223
245 0 0 _aReligion and the senses in early modern Europe /
_cedited by Wietse de Boer and Christine Göttler.
264 1 _aBoston :
_bBrill,
_c2013.
300 _aXXVI, 494 páginas :
_bilustraciones ;
_c25 centímetros.
336 _atext
_2rdacontent
337 _aunmediated
_2rdamedia
338 _avolume
_2rdacarrier
490 0 _aIntersections : interdisciplinary studies in early modern culture ;
_v26
504 _aIndice : páginas 589-494.
505 0 _aThe sacred and the senses in an age of reform -- Wietse de Boer and Christine Göttler -- Insinuating the cross: sight, suggestion, and self in Renaissance painting -- Display and devotion: exhibiting icons and their copies in counter-reformation Italy -- 'In sensus cadentem imaginem': varieties of the spiritual image in Theodoor Galle's Life of Blessed Father Ignatius of Loyola of 1610 -- 'An odour. A taste. A touch. Impossible to describe': Nole me tangere and the senses -- 'The beads with which we pray are made from it': devotional ambers in early modern Italy -- 'The melodie of Heaven': sermonizing the open ear in early modern England -- Beyond vision: the impact of Rogier van der Weyden's Descent from the cross -- 'A cui ne fece dono': art, exchange, and sensory engagement in Anthony van Dyck's Lamentation for the Antwerp Beguines -- Tasting God: the sweetness of crying in the counter-Reformation -- The sense of hearing politicized: liturgical polyphony and political ambition in fifteenth-century Florence -- Of eels and pears: a sixteenth-century debate on taste, temperance, and the pleasures of the senses -- To captivate the senses: sensory governance, heresy, and idolatry in mid-Tudor England -- Piazza San Marco: theatre of the senses, market place of the world -- A Neapolitan Heaven: the sensory universe of G.B. Giustiniani -- The temptation of the senses at the Sacro Monte di Varallo -- Vision, medicine, and magic: betwitchment and lovesickness in Jacques Grevin's Deux livres des venins (1568) -- The return of the species: Jesuit responses to Kepler's new theory of images.
526 _aSEG42
526 _aSEG41
526 _aSEG40
526 _aSEG39
526 _aP94
526 _aP87
526 _aP86
526 _aP85
526 _aP77
526 _aP76
526 _aP35
650 0 4 _aSenses and sensation.
650 0 4 _aSentidos y sensaciones.
700 1 _aBoer, Wietse de,
_eeditor.
700 1 _aGöttler, Christine,
_eeditor.
910 _adbm
_bksl
_cksl
_d20180308
942 _2ddc
_cBOOK
994 _aC0
_bPEPRU
596 _a1
999 _a274.06 R3
_wLC
_c27093
_i78463
_f2021-11-11
_g4
_lCCODEBUL1
_mBUL
_p38.00
_r0
_sY
_tBOOK
_u2018-3-8
_xTEOLOGIA
_PP35
_0DONACION
_1FCOMPRA
_o.STAFF. Colección Teología
_d27093
980 _81
_gALBERTO SANCHEZ Responsable de Automatización